00933nam a2200253 i 4500003000900000005001700009006001900026007000300045008004100048020001800089040003000107082001400137100003600151245007700187264003700264300008200301336002700383337003400410338002800444500007700472500005600549500003400605504004000639DO-SdBNP20260305074000.0a||||gr|||| 00| 0 ta230802e2020 dr ahoc| |||| 00| e spa d a9789945086096 aDO-SdBNPbspacBNPHUerda 4222bP349G1 aGerón, Candido,d1948-eautor aPeña Gómez:buna vida dedicada a la democracia. /cCándido Gerón 1aSanto Domingo :bCorripio,c2020 a385 páginas :bIlustraciones, facsímil, fotografías, retratos ;c27 cm. 2rdacontentatextobtxt 2rda mediaasin mediaciónbn 2rdacarrieravolumenbnc aIncluye datos biográficos del autor en la solapa de la contracubierta. aIncluye bibliografía y notas al pie de páginas. aIncluye índice onomástico aBibliografía: páginas 377 - 378